| 000 | 01289nam a2200349Ia 4500 | ||
|---|---|---|---|
| 001 | 9780203096383 | ||
| 003 | BD-DhSAU | ||
| 005 | 20151012151717.0 | ||
| 006 | a|||||s||||||||||| | ||
| 007 | cr|||| | ||
| 008 | 130522s2013 enka sb 001 0 eng d | ||
| 020 | _a9780203096383 (e-book : PDF) | ||
| 040 |
_aBD-DhSAU _cBD-DhSAU |
||
| 090 |
_aHB615 _b.B657 2013 |
||
| 092 |
_a658.421 _bB694 |
||
| 100 | 1 |
_aBolton, Bill _q(Bill K.) |
|
| 245 | 1 | 0 |
_aEntrepreneurs _h[electronic resource] : _btalent, temperament and opportunity / _cBill Bolton and John Thompson. |
| 250 | _a3rd ed. | ||
| 260 |
_aAbingdon, Oxon ; _aNew York, N.Y. : _bRoutledge, _c2013. |
||
| 300 |
_axiii, 352 p. : _bill. |
||
| 504 | _aIncludes bibliographical references and index. | ||
| 505 | 0 | _apt. 1. The entrepreneur : person, process and context -- pt. 2. Stories of entrepreneurs and entrepreneurs in action. | |
| 530 | _aAlso available in print edition. | ||
| 538 | _aMode of access: World Wide Web. | ||
| 650 | 0 | _aEntrepreneurship. | |
| 650 | 0 | _aBusinesspeople. | |
| 650 | 0 | _aSuccess in business. | |
| 655 | 7 |
_aElectronic books. _2lcsh |
|
| 700 | 1 | _aThompson, John. | |
| 776 | 1 |
_z9780415631877 (hardback) _z9780415631884 (pbk.) |
|
| 856 | 4 | 0 | _uhttp://www.tandfebooks.com/isbn/9780203096383 |
| 999 |
_c12273 _d12272 |
||